LEADER 01165nnm a2200277 i 4500
001 eta4803
005 20210125101908.0
008 210125s2012 hu o 0|| hun d
040 |a SZTE Elektronikus Tananyag Archívum  |b hun 
041 |a hun 
100 1 |a Hoffmann Ildikó 
245 1 0 |a Kísérletes nyelvészet  |h [elektronikus dokumentum] /  |c  Hoffmann Ildikó 
260 |c 2012 
300 |a 22 
516 |a Presentation 
650 4 |a Társadalomtudományok 
650 4 |a Pszichológia 
650 4 |a Szakpszichológia (benne tanulási, beszéd, hallási, látási, egyéb fizikai vagy pszichológiai fogyatékosságok terápiája) 
650 4 |a Pszicholingvisztika és neurolingvisztika: nyelvtanulás és nyelvtudás, beszédpatológia 
650 4 |a Bölcsészettudományok 
650 4 |a Nyelvek és irodalom 
650 4 |a Nyelvészet 
650 4 |a Pszicholingvisztika és neurolingvisztika: nyelvtanulás és nyelvtudás, beszédpatológia 
695 |a neurolingvisztika 
711 |a Eötvös Loránd Kollégium Nyelvészeti Műhely  |c Szeged, Magyarország  |d 2012. 10. 15. 
856 4 0 |u https://eta.bibl.u-szeged.hu/4803/1/2010-0012_75_08.pdf  |z Dokumentum-elérés